MDQL
is popping MORE tags! Check the
thread
!
Quizzes
Events
Quiz Creation
Community
Videos
Private Events
Remove Ads
Sign In
Join for FREE
Feedback
Dark Mode
Quiz Categories
Sports
Geography
Music
Movies
Television
Just For Fun
Miscellaneous
History
Literature
Language
Science
Gaming
Entertainment
Religion
Holiday
For Kids
Quiz Lab
Recent
Popular Today
Quiz Kudos Today
Editor Picks
Curator Picks
Quizzes by...
Day
Popularity
Type
Ratings
Length
Year
Community
Subscriptions
Recent Discussions
Orange Saloon
Badges
Playlists
Quests
Create
Leaderboards
Showdown
Live 5
Trivia Bingo
Activity
Puzzle Library
Sporcle Events
Private Events
Virtual Trivia
Globe League
Become a Host
Pub Owners
SporcleCon
Opinionation
Our Games
Videos
Blog
Mobile Apps
Partnerships
Remove Ads and Go Orange
Feedback
Literature
Harry Potter
A Song of Ice and Fire
The Hunger Games
Literary Character
Shakespeare
Book
Author
Novel
Poem
Young Adult
Children's Books
Play
Lord of the Rings
Literature
Harry Potter
A Song of Ice and Fire
The Hunger Games
Literary Character
Shakespeare
Book
Author
Novel
Poem
Young Adult
Children's Books
Play
Lord of the Rings
Random Quiz
Search Sporcle
×
Quiz Lab
Quiz Lab
Literature
speech
Type in answers that appear in a list
Type in answers that appear in a list
Classic
Best Score? Go Orange.
Queen Mab Speech missing words Stats
Can you name the Queen Mab Speech?
By
harp
6m
43 Questions
83 Plays
83 Plays
83 Plays
Comments
Comments
Give Quiz Kudos
Give Quiz Kudos
-
- Ratings
hide this ad
Replay
Link that replays current quiz
Next Quiz
Link to next quiz in quiz playlist
You Got
0%
They Got
Avg Score
65%
Avg Friend Score
Upgrade to see
Score Distribution
Jump to the score distribution portion of the page
Score
0/43
Timer
06:00
0
Plays Today
Mercutio's Speech From Romeo and Juliet
% Correct
'O, then, I see _
_
_
_
_
_
_
hath been with you
Queen Mab
98.8%
She is the fairies’ _
_
_
_
_
_
_
, and she comes
midwife
91.6%
On the _
_
_
_
_
_
_
_
_
of an alderman,
fore-finger
80.7%
In shape no bigger than an _
_
_
_
_
_
_
_
_
_
_
agate-stone
79.5%
Athwart men's _
_
_
_
_
as they lie asleep;
noses
79.5%
The cover of the _
_
_
_
of grasshoppers,
wings
79.5%
Drawn with a _
_
_
_
of little atomies
team
74.7%
Her _
_
_
_
of cricket's bone; the lash of film;
whip
73.5%
Her wagon-
spokes made of long _
_
_
_
_
_
_
_
’ legs,
spinners
72.3%
Her chariot is an empty _
_
_
_
_
_
_
hazelnut
71.1%
O’er ladies ‘ lips, who straight on _
_
_
_
_
_
dream,
kisses
71.1%
O’er lawyers’ fingers, who straight dream on _
_
_
_
,
fees
69.9%
Through lovers’ brains, and then they dream of _
_
_
_
;
love
68.7%
Because their breaths with _
_
_
_
_
_
_
_
_
tainted are:
sweetmeats
68.7%
Sometime she driveth o’er a _
_
_
_
_
_
's neck,
soldier
68.7%
The traces of the _
_
_
_
_
_
_
_
spider's web,
smallest
67.5%
And then dreams he of cutting foreign _
_
_
_
_
_
,
throats
67.5%
O’er courtiers’ knees, that _
_
_
_
_
on court'sies straight,
dream
66.3%
That plaits the manes of _
_
_
_
_
_
in the night,
horses
66.3%
The collars of the _
_
_
_
_
_
_
_
_
's wat'ry beams,
moonshine
63.9%
Her waggoner a small _
_
_
_
_
_
_
_
_
gnat,
grey-coated
63.9%
Not half so big as a round little _
_
_
_
worm
63.9%
Mercutio's Speech From Romeo and Juliet
% Correct
Pricked from the _
_
_
_
finger of a maid:
lazy
63.9%
And in this state she _
_
_
_
_
_
night by night
gallops
63.9%
Made by the joiner _
_
_
_
_
_
_
_
or old grub,
squirrel
62.7%
And sometime comes she with a tithe-
pig's _
_
_
_
_
tail
62.7%
Drums in his ear, at which he starts and _
_
_
_
_
,
wakes
62.7%
Which oft the _
_
_
_
_
Mab with blisters plagues,
angry
61.4%
Time out o’ mind the _
_
_
_
_
_
’ coachmakers.
fairies
60.2%
That presses them and learns them first to _
_
_
_
.
bear
60.2%
Making them _
_
_
_
_
of good carriage
women
60.2%
And then dreams he of _
_
_
_
_
_
_
out a suit;
smelling
59%
And being thus frighted swears a _
_
_
_
_
_
_
or two
prayer
59%
_
_
_
_
_
_
_
_
_
This is she
59%
And _
_
_
_
_
again. This is that very Mab
sleeps
57.8%
Sometime she gallops o’er a _
_
_
_
_
_
_
's nose,
courtier
56.6%
Of healths five-
fathom _
_
_
_
; and then anon
deep
56.6%
_
_
_
_
_
_
_
a parson's nose as a’ lies asleep,
Tickling
54.2%
Of breaches, ambuscadoes, Spanish _
_
_
_
_
_
,
blades
54.2%
This is the _
_
_
, when maids lie on their backs,
hag
49.4%
Then dreams, he of another _
_
_
_
_
_
_
:
benefice
48.2%
And _
_
_
_
_
the elflocks in foul sluttish hairs,
bakes
43.4%
Which once _
_
_
_
_
_
_
_
, much misfortune bodes:
untangled
43.4%
Quiz Playlist
Details
Report
Send in Message
Add To Playlist
Classic:
Type in answers that appear in a list
Last Updated: Feb 16, 2017
Quiz Scoreboard
CHALLENGE
Sign Up to Join the Scoreboard
Show All
Scores
Hide
Comments
May contain spoilers
Recently Published
Image Sorting: Flags VI
by Barbecue
Geography
2m
Find the 'City' Movie
by crazypaving
Movies
60s
Colored Red Africa Blitz
by spor1
Geography
45s
More to Explore
Quiz From the Vault
Featured Blog Post
14 Easter Pick-up Lines to Find Eggs With
hide this ad
You Might Also Like...
Tags
juliet
Queen
romeo
speech
Today's Top Quizzes in Literature
Browse Literature
hide this ad
Today's Top Quizzes in speech
Browse speech
Top Contributed Quizzes in Literature
1
Sneaky Slytherin Logic Puzzle
2
Harry Potter logic puzzle: The Hogwarts Soap Opera
3
Get The Picture: Black or White Literature
4
Harry Potter Slytherin Logic Puzzle
5
'Middle' Earth
6
ASOIAF Siblings Logic Puzzle
7
Logic Puzzle: Avoid Dumbledore's Army
8
A Song of Ice and Fire Logic Puzzle
9
Harry Potter Logic Puzzle 1
10
Quick Pick: Easter in Book Titles
Explore More
Trending Topics
NBA
Crossword
Kpop
Disney
Marvel
Harry Potter
Anime
The Office
Puzzle
WWE
Song
Soccer
NFL
Pokémon
Country
hide this ad
More By:
harp
Quiz
Plays
Rating
Category
Featured
Created
Queen Mab Speech missing words
83
5.00
Literature
Mar 23, 2011
Go to Creator's Profile
Score Distribution
Quiz Creator Spotlight
harp
Follow
Send a Message
Quizzes Created
-
Created Quiz Play Count
-
More By This Creator
Popular Quizzes Today
1
Colored Red Africa Blitz
2
Find the US States - No Outlines Minefield
3
Find the 'City' Movie
4
5x2 Blitz: Bands
5
The Countries of the World
6
Find the US States
7
Find the Countries of Europe - No Outlines Minefield
8
US States
More Literature Quizzes
Figure Out the Classic Novel II
Published
Trending Quizzes
Colored Red Europe Blitz I
Colored Red Europe Blitz II
Colored Red Africa Blitz II
Colored Red Europe Blitz III
Colored Red Africa Blitz III
Recently Updated
How Do You Spell That?
pecheneg
Godzilla Movies
pecheneg
Grab Bag: 4-10 Letters
pecheneg
2024 March Madness Bracket
pecheneg
Famous TV Couples
Peacemaker
Champions League XIs: Real Madrid
pecheneg
Largest US Cities 1790-2010
pecheneg
Rides in Walt Disney World
pecheneg
Most Oscar Losses (Acting)
pecheneg
Beyoncé Albums
pecheneg
Trending Topics
Anime
Kpop
Harry Potter
Crossword
Marvel
Disney
NBA
Country
The Office
Soccer
Puzzle
Song
Pokémon
NFL
WWE
Your Account Isn't Verified!
In order to create a playlist on Sporcle, you need to verify the email address you used during registration. Go to your
Sporcle Settings
to finish the process.
Report this User
Report this user for behavior that violates our
Community Guidelines
.
Details:
Send Report
Go to the Sporcle.com Mobile Site →
Comments